Trouve le vrai titre du film avec des changements ! - Statistiques

Statistiques générales
  • Ce quiz a été pris 172 fois
  • Le résultat moyen est 6 sur 12
Statistiques - réponses
Année Titre changé Réponse % Correct
1975 Les canines de l'océan Les dents de la mer
93%
2009 Lyon sa mère ! Neuilly Sa Mère !
88%
2016 Le Les Land La La Land
86%
2017 Abibi.fr Alibi.com
84%
2006 A la recherche du malheur A la recherche du bonheur
76%
2024 Back to green Back to black
51%
1966 La miniscule promenade La Grande Vadrouille
45%
2010 279 heures 127 heures
27%
2024 Beaucoup de vagues Pas de vagues
16%
2007 Les vacances de Mr.Chickpea Les vacances de Mr.Bean
15%
2023 Le genou La main
14%
1994 The Wig (La Perruque) The Mask
13%
Aucun quiz correspondant
Distribution des résultats
% des personnes avec chaque résultat
Percentile par nombre de réponses
Votre historique - résultats
Vous n’avez pas pris ce quiz